=LDR 00000nam 2200000 4500 =001 INLIS000000000042459 =005 20201216015550 =035 ##$$a 0010-101300000000381 =008 201216###########################0#ind## =041 ##$$a ind =082 ##$$a 610.02 =090 ##$$a 610.02, Pro p =245 ##$$a Proceedings of the 15 th scieentifie muting =260 ##$$a 2009 :$b Jakarta =300 ##$$a Ix,553 hlm, Ilus, 27 cm =650 #4$$a KESEHATAN -PROCEEDING =850 ##$$a NBPNMAT =990 ##$$a 0001/BPAP-NTB/2015